Statystyki dla Państwa połączone na mapie świata

Kliknij tutaj aby rozwiązać quiz!

Ogólne statystyki

  • Ten quiz został rozwiązany 13 366 razy
  • Średni wynik to 13 z 17

Odpowiedzi na mapie

Odpowiedzi skodowane kolorowo w zielono-czerwonej skali na mapie do tego quizu, zgodnie z poniższymi procentami.
 

Statystyki odpowiedzi

Kraj% Poprawnych
Chiny
99%
Egipt
86%
Iran
81%
Laos
81%
Irak
80%
Libia
79%
Kambodża
77%
Izrael
76%
Uzbekistan
73%
Jordania
72%
Kirgistan
72%
Czad
71%
Turkmenistan
71%
Demokratyczna Republika Konga
70%
Angola
64%
Namibia
61%
Republika Środkowoafrykańska
60%

Rozkład punktacji

Percentyl według liczby udzielonych odpowiedzi

Procent ludzi z każdym wynikiem

Twoja historia wyników

Nie rozwiązałeś tego quizu